Normal view
MARC view
- Kalantar-zadeh, Kourosh
Entry Personal Name
001 - CONTROL NUMBER
- control field: 115581
003 - CONTROL NUMBER IDENTIFIER
- control field: NUST
005 - DATE AND TIME OF LATEST TRANSACTION
- control field: 20230912165426.0
008 - FIXED-LENGTH DATA ELEMENTS
- fixed length control field: 230912|| aca||aabn | a|a d
040 ## - CATALOGING SOURCE
- Original cataloging agency: NUST
- Transcribing agency: NUST
100 ## - HEADING--PERSONAL NAME
- Personal name: Kalantar-zadeh, Kourosh
670 ## - SOURCE DATA FOUND
- Source citation: Work cat.: (NUST): Kalantar-zadeh, Kourosh., Nanotechnology-enabled sensors /, 2008
